[Event "COL-ch School U09"]
[Site "Yumbo"]
[Date "2010.04.29"]
[Round "5.6"]
[White "Cuevas Sanchez, Bramdon Daniel"]
[Black "Galarza, Manuel Alejandro"]
[Result "0-1"]
[WhiteElo "1348"]
[BlackElo "1362"]
[PlyCount "35"]
[EventDate "2010.04.27"]
[EventType "swiss"]
[EventRounds "7"]
[EventCountry "COL"]
[SourceTitle "EXT 2024"]
[Source "ChessBase"]
[SourceDate "2023.10.10"]
[SourceVersion "1"]
[SourceVersionDate "2023.10.10"]
[SourceQuality "1"]

1. e4 e5 2. Nf3 Nc6 3. Nc3 Nf6 4. Bb5 d6 5. h3 Bd7 6. 0-0 Be7 7. d3 0-0 8. Bg5 Re8 9. Qe2 a6 10. Ba4 b5 11. Bb3 a5 12. a3 a4 13. Ba2 d5 14. exd5 Nxd5 15. Bxe7 Ndxe7 16. Nxe5 Nd4 17. Qd2 Nef5 18. Ng4 0-1